[Event "32.Schlosspark-Open"]
[Site "Wiesbaden-Biebrich"]
[Date "2023.08.27"]
[Round "7.31"]
[White "Flackus, Stefan"]
[Black "Dietze, Frank"]
[Result "0-1"]
[WhiteElo "1832"]
[BlackElo "2115"]
[PlyCount "132"]
[EventDate "2023.??.??"]
[WhiteTeam "Vorw.Orient Mainz"]
[BlackTeam "Wiesbaden"]

1. e4 c5 2. Nf3 d6 3. Bb5+ Nd7 4. O-O Ngf6 5. Re1 e5 6. c4 Be7 7. Nc3 O-O 8. Bxd7 Bxd7 9. h3 a6 10. d3 h6 11. Bd2 b5 12. Nh2 Rb8 13. b3 b4 14. Ne2 Nh5 15. g4 Nf6 16. Ng3 Kh7 17. Kg2 Ng8 18. Nhf1 g6 19. Ne3 Nf6 20. f3 Rh8 21. Rh1 Kg7 22. Qc2 a5 23. a4 Ne8 24. Rag1 Nc7 25. Kf1 Ne6 26. Ne2 Bg5 27. Nd5 Bc6 28. Qb2 Bxd5 29. cxd5 Nd4 30. Nxd4 cxd4 31. f4 Qf6 32. Ke2 Bxf4 33. Rc1 Rbc8 34. Rhf1 g5 35. Rc6 Rxc6 36. dxc6 Rc8 37. Qc2 Rc7 38. Qc4 Qe6 39. Qd5 Qxd5 40. exd5 Kg6 41. Bxf4 gxf4 42. h4 f5 43. gxf5+ Kxf5 44. Kf3 Rg7 45. Rc1 Rg3+ 46. Kf2 Rg8 47. Rg1 Re8 48. Re1 Kf6 49. Kf3 Rg8 50. Rc1 Ke7 51. Ke4 Kd8 52. Kf5 Kc7 53. Ke6 Rg3 54. Rd1 h5 55. Kf5 Rg4 56. Rf1 Rg2 57. Ke4 Rg3 58. Rf3 Rg1 59. Rf2 Re1+ 60. Kf5 Re3 61. Rg2 f3 62. Rg7+ Kb6 63. Ke6 Rxd3 64. c7 Rc3 65. Kxd6 e4 66. Kd7 Rxc7+ 0-1

[Event "32.Schlosspark-Open"]
[Site "Wiesbaden-Biebrich"]
[Date "2023.08.27"]
[Round "7.32"]
[White "Puschendorf, Steffen"]
[Black "Trenz, Finn"]
[Result "0-1"]
[WhiteElo "2121"]
[BlackElo "1837"]
[PlyCount "62"]
[EventDate "2023.??.??"]
[WhiteTeam "ESV Gera"]
[BlackTeam "SV Multatuli Ingelheim e.V."]

1. d4 Nf6 2. c4 e5 3. dxe5 Ng4 4. e3 Nxe5 5. f4 Ng6 6. Nc3 Bb4 7. Bd2 O-O 8. Bd3 Re8 9. Qf3 Nc6 10. Nge2 d6 11. O-O-O Nge5 12. fxe5 Nxe5 13. Bxh7+ Kxh7 14. Qg3 Be6 15. Nd5 Bxd2+ 16. Rxd2 Nxc4 17. Rd4 Bxd5 18. Rxd5 Qf6 19. Rd4 Nxe3 20. Rf4 Qg6 21. Qh3+ Kg8 22. Nd4 Qxg2 23. Qxg2 Nxg2 24. Rf2 Re4 25. Nf3 Nf4 26. Kd2 Rae8 27. Rhf1 Re2+ 28. Rxe2 Rxe2+ 29. Kd1 Re4 30. h4 Nd5 31. Kd2 Rf4 0-1

[Event "32.Schlosspark-Open"]
[Site "Wiesbaden-Biebrich"]
[Date "2023.08.27"]
[Round "7.33"]
[White "Weber, Nikita"]
[Black "Mayer, Frank"]
[Result "1-0"]
[WhiteElo "1650"]
[BlackElo "2067"]
[PlyCount "51"]
[EventDate "2023.??.??"]
[WhiteTeam "Vorw.Orient Mainz"]
[BlackTeam "Wiesbadener SV 1885"]

1. Nf3 d5 2. c4 e6 3. d4 dxc4 4. e3 Nf6 5. Bxc4 a6 6. O-O c5 7. dxc5 Bxc5 8. Qxd8+ Kxd8 9. Rd1+ Ke7 10. a3 b5 11. Be2 Bb7 12. b4 Bd6 13. Bb2 Nbd7 14. Nbd2 Rac8 15. Rac1 Bd5 16. Bd3 e5 17. e4 Be6 18. Ng5 Nb6 19. Nxe6 Kxe6 20. Bb1 Na4 21. Ba1 a5 22. f4 Nd7 23. Nf3 f6 24. Nh4 axb4 25. Rxd6+ Kxd6 26. Nf5+ 1-0

[Event "32.Schlosspark-Open"]
[Site "Wiesbaden-Biebrich"]
[Date "2023.08.27"]
[Round "7.34"]
[White "Schramm, Luca"]
[Black "Memic, Miodrag"]
[Result "1/2-1/2"]
[WhiteElo "1688"]
[BlackElo "2055"]
[PlyCount "68"]
[EventDate "2023.??.??"]
[WhiteTeam "SC Einrich e.V."]
[BlackTeam "SV Mainz-Mombach"]

1. d4 d5 2. Bf4 Nf6 3. e3 Bf5 4. c4 e6 5. Qb3 b6 6. Nc3 c6 7. Nf3 Bd6 8. Bxd6 Qxd6 9. Ne5 Ng4 10. Nxg4 Bxg4 11. cxd5 exd5 12. Bd3 O-O 13. O-O Nd7 14. a3 Nf6 15. Qc2 Rfe8 16. b4 b5 17. Rfc1 a6 18. Nb1 Bd7 19. Nd2 a5 20. Qb2 a4 21. Nf3 Rac8 22. h3 Re7 23. Rc3 Ne4 24. Bxe4 dxe4 25. Ne5 Be8 26. Rac1 h5 27. Qc2 Re6 28. Rc5 f6 29. Nxc6 Rxc6 30. d5 Rxc5 31. Qxc5 Qxc5 32. bxc5 Re5 33. Rd1 Kf7 34. c6 f5 1/2-1/2

[Event "32.Schlosspark-Open"]
[Site "Wiesbaden-Biebrich"]
[Date "2023.08.27"]
[Round "7.35"]
[White "Mehlen, Theodor"]
[Black "Fucik, Timo"]
[Result "0-1"]
[WhiteElo "1801"]
[BlackElo "2009"]
[PlyCount "82"]
[EventDate "2023.??.??"]
[WhiteTeam "SC Matt im Park Ffm"]
[BlackTeam "SK 1926 Ettlingen"]

1. e4 c5 2. Nf3 d6 3. d4 Nf6 4. Nc3 cxd4 5. Nxd4 a6 6. f3 e6 7. Be3 b5 8. a4 b4 9. Na2 e5 10. Nb3 d5 11. Bg5 d4 12. Bd3 Be7 13. O-O Nc6 14. Qd2 Bb7 15. Bxf6 gxf6 16. f4 Rg8 17. c3 dxc3 18. bxc3 bxc3 19. Qxc3 Qb6+ 20. Kh1 Rd8 21. Rf3 Nd4 22. Nxd4 exd4 23. Qd2 f5 24. Rb1 Qc7 25. Re1 Kf8 26. Rg3 Rxg3 27. hxg3 fxe4 28. Bxe4 Bxe4 29. Rxe4 Qb6 30. Nc1 d3 31. f5 Rd6 32. f6 Rxf6 33. Rh4 Rf1+ 34. Kh2 Bxh4 35. gxh4 Qd6+ 36. Kh3 Rh1+ 37. Kg4 h5+ 38. Kf3 Qf6+ 39. Ke3 Qh6+ 40. Kxd3 Qxd2+ 41. Kxd2 Rxh4 0-1

[Event "32.Schlosspark-Open"]
[Site "Wiesbaden-Biebrich"]
[Date "2023.08.27"]
[Round "7.36"]
[White "Villani, Cristian"]
[Black "Schmitt, Clemens"]
[Result "1/2-1/2"]
[WhiteElo "1986"]
[BlackElo "1798"]
[PlyCount "69"]
[EventDate "2023.??.??"]
[WhiteTeam "SK Durlach"]
[BlackTeam "SV Bergwinkel"]

1. Nf3 c5 2. c4 g6 3. g3 Bg7 4. Bg2 Nc6 5. Nc3 e6 6. O-O Nge7 7. b3 O-O 8. Bb2 d6 9. Qc1 e5 10. Ne1 Be6 11. Nc2 f5 12. Ne3 f4 13. Ned5 Nd4 14. Qd1 Qd7 15. Nxe7+ Qxe7 16. Nd5 Qd7 17. Bxd4 cxd4 18. d3 Rf5 19. Bf3 fxg3 20. fxg3 Raf8 21. Qd2 Kh8 22. a4 h5 23. Bg2 Kh7 24. Rxf5 Bxf5 25. Rf1 Bh6 26. Qa5 b6 27. Qb5 Qe6 28. Qc6 Kh8 29. Qc7 Rf7 30. Qd8+ Kg7 31. Nc7 Be3+ 32. Kh1 Qe7 33. Qxe7 Rxe7 34. Nd5 Re8 35. Nxe3 1/2-1/2

[Event "32.Schlosspark-Open"]
[Site "Wiesbaden-Biebrich"]
[Date "2023.08.27"]
[Round "7.37"]
[White "Giese, Tilman"]
[Black "Bolduan, Michael"]
[Result "1-0"]
[WhiteElo "1977"]
[BlackElo "1797"]
[PlyCount "51"]
[EventDate "2023.??.??"]
[WhiteTeam "SC Turm Illingen"]
[BlackTeam "Sfr Stiller Zug Wiesbaden"]

1. Nf3 e6 2. g3 d5 3. Bg2 f5 4. d3 Nf6 5. O-O Bd6 6. Nbd2 O-O 7. c3 c6 8. e4 fxe4 9. dxe4 e5 10. Re1 Nbd7 11. exd5 cxd5 12. Nc4 Bc5 13. Ncxe5 Nxe5 14. Nxe5 Bxf2+ 15. Kxf2 Ng4+ 16. Kg1 Qb6+ 17. Qd4 Qf6 18. Nxg4 Bxg4 19. Qxf6 Rxf6 20. Bxd5+ Kh8 21. Bf4 h6 22. Re7 Rd8 23. c4 b5 24. Be5 Rg6 25. Be4 Rg5 26. h4 1-0

[Event "32.Schlosspark-Open"]
[Site "Wiesbaden-Biebrich"]
[Date "2023.08.27"]
[Round "7.38"]
[White "Meyer-Jany, Marcel"]
[Black "Sanati, Charlotte"]
[Result "0-1"]
[WhiteElo "1743"]
[BlackElo "1976"]
[PlyCount "94"]
[EventDate "2023.??.??"]
[WhiteTeam "SK Herborn 1946"]
[BlackTeam "SG Trier 1877 e.V."]

1. d4 d5 2. c4 c6 3. Nf3 Nf6 4. Nc3 e6 5. e3 Nbd7 6. Qc2 Bd6 7. b3 O-O 8. Bd3 e5 9. dxe5 Nxe5 10. Nxe5 Bxe5 11. Bb2 h6 12. Rd1 Qe7 13. cxd5 cxd5 14. Ne2 Bd7 15. Bxe5 Qxe5 16. O-O Ng4 17. Ng3 Rac8 18. Qd2 h5 19. Rfe1 h4 20. Nf1 h3 21. gxh3 Nf6 22. Rc1 Bxh3 23. Ng3 Ne4 24. Qb4 Rxc1 25. Rxc1 Qb2 26. Ne2 Bg4 27. Rc2 Qa1+ 28. Nc1 Qe5 29. f4 Qe6 30. Qxb7 Nc5 31. Qb5 Qxe3+ 32. Kg2 Bh3+ 33. Kh1 Qe1+ 34. Bf1 Qe4+ 35. Rg2 Bxg2+ 36. Bxg2 Qe1+ 37. Qf1 Re8 38. Kg1 d4 39. Bc6 Re7 40. Bb5 Qe3+ 41. Kg2 Qd2+ 42. Kh3 Re1 43. Qc4 Rxc1 44. Qd5 Qe3+ 45. Kg4 Rg1+ 46. Kf5 g6+ 47. Kf6 Qxf4+ 0-1

[Event "32.Schlosspark-Open"]
[Site "Wiesbaden-Biebrich"]
[Date "2023.08.27"]
[Round "7.39"]
[White "Martin, Reiner"]
[Black "Hoffmann, Christian"]
[Result "1-0"]
[WhiteElo "1975"]
[BlackElo "1797"]
[PlyCount "83"]
[EventDate "2023.??.??"]
[WhiteTeam "SC Bad Soden"]
[BlackTeam "SAbt BKA Wiesbaden"]

1. d4 e6 2. c4 f5 3. g3 Nf6 4. Bg2 d5 5. Nc3 c6 6. Nh3 Bd6 7. O-O O-O 8. b3 Ne4 9. Nb1 h6 10. f3 Nf6 11. Nc3 Nbd7 12. Qc2 e5 13. e3 a6 14. Qxf5 Ne4 15. Qe6+ Kh7 16. Nxe4 Rf6 17. Nxf6+ Nxf6 18. Qf7 Bf5 19. Qxb7 Rb8 20. Qxc6 Rb6 21. Qxb6 Qxb6 22. c5 Qb4 23. cxd6 Qc3 24. Ba3 Qxe3+ 25. Kh1 Bd3 26. Rfd1 e4 27. Nf4 Bc2 28. Re1 Qxd4 29. Rac1 g5 30. Ne6 Qf2 31. Rf1 Qd2 32. Nf8+ Kg7 33. d7 Nxd7 34. Nxd7 e3 35. Bb2+ Kf7 36. Ne5+ Ke8 37. Ba3 e2 38. Rfe1 d4 39. Nc4 Qd3 40. Kg1 a5 41. Kf2 Bd1 42. Bf1 1-0

[Event "32.Schlosspark-Open"]
[Site "Wiesbaden-Biebrich"]
[Date "2023.08.27"]
[Round "7.40"]
[White "Rabiya, Karim"]
[Black "Blübaum, Johanna"]
[Result "1/2-1/2"]
[WhiteElo "1758"]
[BlackElo "1969"]
[PlyCount "136"]
[EventDate "2023.??.??"]
[WhiteTeam "SK Niederbrechen 1948"]
[BlackTeam "SV Königsspringer Lemgo"]

1. e4 e6 2. d4 d5 3. e5 c5 4. c3 Nc6 5. Nf3 Bd7 6. Be2 Nge7 7. Na3 Nf5 8. Nc2 cxd4 9. cxd4 Be7 10. g3 Qb6 11. h4 h5 12. O-O Rc8 13. Rb1 Qa5 14. a3 Qc7 15. Ne3 Nxe3 16. fxe3 Na5 17. Bd3 Nc4 18. e4 Qb6 19. Kh2 g6 20. Qe2 O-O 21. Bh6 Rfd8 22. Qf2 Be8 23. Ng5 dxe4 24. Bxc4 Rxc4 25. Nxf7 Rdc8 26. Rbd1 Rc2 27. Rd2 Qxb2 28. Nd6 Rxd2 29. Bxd2 e3 30. Qxe3 Rd8 31. Rf2 g5 32. Ba5 Qb1 33. Bxd8 Bc6 34. Rg2 Bxd8 35. Qf2 Qg6 36. Rg1 g4 37. Rf1 Bf3 38. Nxb7 Bb6 39. Nc5 Qe8 40. Qd2 Qg6 41. Qg5 Qxg5 42. hxg5 Kf7 43. Rb1 Bd5 44. Rf1+ Bf3 45. Kg1 Kg6 46. Nxe6 Kf5 47. Nc5 Kxg5 48. e6 Bd8 49. Re1 Be7 50. Re5+ Kg6 51. Kf2 h4 52. gxh4 Bxh4+ 53. Ke3 Be7 54. a4 Bc6 55. a5 g3 56. Ne4 Bh4 57. Kf3 Bf6 58. Rc5 g2 59. e7 g1=Q 60. Rxc6 Qh1+ 61. Ke3 Qh3+ 62. Ke2 Qg2+ 63. Ke3 Qg1+ 64. Kf4 Qf1+ 65. Ke3 Qe1+ 66. Kd3 Qb1+ 67. Ke3 Qg1+ 68. Kf3 Qf1+ 1/2-1/2

[Event "32.Schlosspark-Open"]
[Site "Wiesbaden-Biebrich"]
[Date "2023.08.27"]
[Round "7.41"]
[White "Albert, Ingo"]
[Black "Schmidt, Jörg"]
[Result "1-0"]
[WhiteElo "1968"]
[BlackElo "1784"]
[PlyCount "49"]
[EventDate "2023.??.??"]
[WhiteTeam "FT Schierstein"]
[BlackTeam "SK Niederbrechen 1948"]

1. e4 d5 2. exd5 Qxd5 3. Nc3 Qd8 4. Nf3 Nf6 5. d4 c6 6. Bc4 Bf5 7. Be3 e6 8. Qe2 Bb4 9. O-O O-O 10. Bg5 Nbd7 11. Nd1 Re8 12. Ne3 Qc7 13. Nxf5 exf5 14. Qd3 Ne4 15. Qb3 Bd6 16. Bxf7+ Kh8 17. Bxe8 Rxe8 18. Rae1 Rf8 19. Bc1 Ndf6 20. h3 f4 21. Qd3 Re8 22. Nd2 c5 23. Nxe4 c4 24. Nxf6 Rxe1 25. Qxh7# 1-0

[Event "32.Schlosspark-Open"]
[Site "Wiesbaden-Biebrich"]
[Date "2023.08.27"]
[Round "7.42"]
[White "Baladjaev, Emin"]
[Black "Frömbgen, Andreas"]
[Result "1/2-1/2"]
[WhiteElo "1967"]
[BlackElo "1776"]
[PlyCount "50"]
[EventDate "2023.??.??"]
[WhiteTeam "SAbt TuS Dotzheim"]
[BlackTeam "SK Gau-Algesheim"]

1. e4 c5 2. Nf3 d6 3. d3 g6 4. Be2 Bg7 5. h3 Nc6 6. c3 e5 7. a4 Nge7 8. Bg5 h6 9. Bc1 O-O 10. Na3 f5 11. Nc2 Be6 12. Ne3 Qd7 13. Qc2 Rac8 14. Nd2 d5 15. Qb1 Rf7 16. Qc2 Rff8 17. Nb3 b6 18. Nd2 Nd8 19. b3 Nf7 20. Ba3 Rfd8 21. O-O-O fxe4 22. dxe4 d4 23. Nd5 Nxd5 24. exd5 Bf5 25. Bd3 Bxd3 1/2-1/2

[Event "32.Schlosspark-Open"]
[Site "Wiesbaden-Biebrich"]
[Date "2023.08.27"]
[Round "7.43"]
[White "Marschner, Thomas"]
[Black "Mönch, Dorothée"]
[Result "1/2-1/2"]
[WhiteElo "1936"]
[BlackElo "1710"]
[PlyCount "26"]
[EventDate "2023.??.??"]
[WhiteTeam "SVG Eppstein 1932"]
[BlackTeam "Sfr.Mainz 1928"]

1. e4 d6 2. d4 g6 3. Nf3 Bg7 4. Bd3 c5 5. c3 cxd4 6. cxd4 Nc6 7. d5 Ne5 8. Nxe5 Bxe5 9. Nc3 e6 10. O-O a6 11. a4 Ne7 12. Kh1 Bg7 13. Bg5 h6 1/2-1/2

[Event "32.Schlosspark-Open"]
[Site "Wiesbaden-Biebrich"]
[Date "2023.08.27"]
[Round "7.44"]
[White "Ehmann, Johanna"]
[Black "Faßler, Felix"]
[Result "0-1"]
[WhiteElo "1864"]
[BlackElo "1596"]
[PlyCount "62"]
[EventDate "2023.??.??"]
[WhiteTeam "SK Oberkirch"]
[BlackTeam "SC Fulda"]

1. e4 c6 2. c4 d5 3. exd5 cxd5 4. cxd5 Nf6 5. Nc3 Nxd5 6. Nf3 Nc6 7. Bb5 g6 8. O-O Bg7 9. Qa4 Nxc3 10. dxc3 Qc7 11. Bf4 Qb6 12. Be3 Qc7 13. Nd4 Bd7 14. Rad1 O-O 15. Nxc6 Bxc6 16. Bxc6 bxc6 17. Bd4 Rab8 18. Bxg7 Kxg7 19. b3 Rfd8 20. h3 Rd7 21. Rd4 Rbd8 22. Rfd1 Kg8 23. Qc4 Rd6 24. a4 Rxd4 25. Rxd4 Rxd4 26. cxd4 h5 27. Kf1 Qb7 28. Ke2 Qd7 29. Qc5 Qe6+ 30. Kf1 Qxb3 31. Qxa7 Qd1# 0-1

[Event "32.Schlosspark-Open"]
[Site "Wiesbaden-Biebrich"]
[Date "2023.08.27"]
[Round "7.45"]
[White "Rump, Andreas"]
[Black "Mrsic, Ivan"]
[Result "1-0"]
[WhiteElo "1931"]
[BlackElo "1692"]
[PlyCount "119"]
[EventDate "2023.??.??"]
[WhiteTeam "SG Turm Idstein"]
[BlackTeam "Mainz-Kastel"]

1. d4 Nf6 2. Nf3 g6 3. c4 Bg7 4. Nc3 O-O 5. e4 d6 6. Be3 Nc6 7. Be2 e5 8. O-O Ng4 9. Bg5 f6 10. Bh4 exd4 11. Nxd4 Nge5 12. f4 Nxd4 13. Qxd4 Nc6 14. Qd5+ Kh8 15. Rad1 Qe8 16. Nb5 Rf7 17. a3 f5 18. exf5 Bxf5 19. Qd2 a6 20. Nc3 Nd4 21. Rde1 Qd7 22. Bd1 c6 23. Bf2 c5 24. Ne2 Nxe2+ 25. Rxe2 Re7 26. Rxe7 Qxe7 27. Re1 Qf6 28. b4 b6 29. Bf3 Rf8 30. g3 Qc3 31. Qxc3 Bxc3 32. Rd1 cxb4 33. axb4 Bxb4 34. Bd4+ Kg8 35. Bd5+ Rf7 36. Bxb6 Kf8 37. Bxf7 Kxf7 38. Kf2 Ke7 39. Ra1 Bc8 40. Ke3 Kd7 41. Bd4 Kc6 42. Rg1 Be6 43. Rb1 a5 44. Rc1 Ba3 45. Rc2 Bf5 46. Ra2 Bb4 47. h3 Be6 48. g4 Bxc4 49. Rc2 Kb5 50. f5 gxf5 51. gxf5 a4 52. f6 a3 53. Ba1 Bc5+ 54. Ke4 Bf7 55. Rg2 Bg6+ 56. Kf4 Kc4 57. Rg3 Bb4 58. Ke3 Bc5+ 59. Kd2 Kd5 60. Rxg6 1-0

[Event "32.Schlosspark-Open"]
[Site "Wiesbaden-Biebrich"]
[Date "2023.08.27"]
[Round "7.46"]
[White "Gärtner, Johannes"]
[Black "Derr, Oleg"]
[Result "0-1"]
[WhiteElo "1532"]
[BlackElo "1755"]
[PlyCount "60"]
[EventDate "2023.??.??"]
[WhiteTeam "Sfr.Mainz 1928"]
[BlackTeam "VSG 1880 Offenbach"]

1. d4 Nf6 2. c4 g6 3. Nc3 d5 4. cxd5 Nxd5 5. e4 Nxc3 6. bxc3 Bg7 7. Nf3 c5 8. Be2 Nc6 9. Be3 O-O 10. h3 Qa5 11. Qd2 cxd4 12. cxd4 Qxd2+ 13. Kxd2 Rd8 14. Kd3 Nxd4 15. Nxd4 Bxd4 16. Bxd4 e5 17. Rac1 Rxd4+ 18. Ke3 Be6 19. Rc7 Rc8 20. Rhc1 Rxc7 21. Rxc7 Rb4 22. a4 Rxa4 23. Rxb7 Ra3+ 24. Kd2 Ra2+ 25. Ke3 a5 26. Bd1 a4 27. Rb5 a3 28. Rb1 Rb2 29. Rc1 a2 30. Bc2 Rxc2 0-1

[Event "32.Schlosspark-Open"]
[Site "Wiesbaden-Biebrich"]
[Date "2023.08.27"]
[Round "7.47"]
[White "Hübner, Kai"]
[Black "Berberich, Christoph"]
[Result "0-1"]
[WhiteElo "1591"]
[BlackElo "1898"]
[PlyCount "68"]
[EventDate "2023.??.??"]
[WhiteTeam "SC Flörsheim 1921"]
[BlackTeam "SK Freiburg-Zähringen 1887 e.V."]

1. d4 Nf6 2. Bf4 g6 3. Nc3 d5 4. e3 Bg7 5. Be2 O-O 6. h4 Ne4 7. h5 Nxc3 8. bxc3 c5 9. Nf3 Nc6 10. hxg6 hxg6 11. a4 Qa5 12. Ra3 Re8 13. Kf1 b6 14. Kg1 Ba6 15. Bxa6 Qxa6 16. dxc5 bxc5 17. Qxd5 e5 18. Bh6 Rad8 19. Qxc5 Rd1+ 20. Kh2 Rxh1+ 21. Kxh1 Bxh6 22. Qb5 Qc8 23. c4 e4 24. Nd4 Nxd4 25. exd4 e3 26. fxe3 Bxe3 27. Rd3 Kg7 28. Rxe3 Rxe3 29. Qb4 Qh8+ 30. Kg1 Qh4 31. Kf1 Qxd4 32. Qb1 Qxc4+ 33. Kg1 Qc5 34. Kh2 Qe5+ 0-1

[Event "32.Schlosspark-Open"]
[Site "Wiesbaden-Biebrich"]
[Date "2023.08.27"]
[Round "7.48"]
[White "Dietrich, Leif"]
[Black "Bresslauer, Stefan"]
[Result "1/2-1/2"]
[WhiteElo "1879"]
[BlackElo "1493"]
[PlyCount "71"]
[EventDate "2023.??.??"]
[WhiteTeam "Hamburger SK von 1830 eV"]
[BlackTeam "SVG Eppstein 1932"]

1. e4 e6 2. b3 d5 3. Bb2 dxe4 4. Nc3 Nf6 5. Qe2 Nbd7 6. Nxe4 Nxe4 7. Qxe4 Nf6 8. Qf3 Be7 9. O-O-O O-O 10. d4 c6 11. Bd3 a5 12. Ne2 a4 13. Nc3 axb3 14. axb3 Qa5 15. Ne4 Nxe4 16. Qxe4 g6 17. Qe5 Bg5+ 18. f4 Qxe5 19. dxe5 Bxf4+ 20. Kb1 b5 21. Be4 Ra6 22. g3 Bh6 23. Rd6 c5 24. Rhd1 Rxd6 25. Rxd6 Be3 26. Bd3 b4 27. Be4 Bg1 28. h3 Bh2 29. g4 f6 30. Bd3 Bxe5 31. Bxe5 fxe5 32. Rc6 Bb7 33. Rxe6 Bg2 34. Rxe5 Bxh3 35. g5 Rc8 36. Re7 1/2-1/2

[Event "32.Schlosspark-Open"]
[Site "Wiesbaden-Biebrich"]
[Date "2023.08.27"]
[Round "7.49"]
[White "Vick, Edward"]
[Black "Kobs, Stephan"]
[Result "0-1"]
[WhiteElo "1341"]
[BlackElo "1877"]
[PlyCount "60"]
[EventDate "2023.??.??"]
[WhiteTeam "TuS Makkabi Wiesbaden"]
[BlackTeam "TSG 1846 Bretzenheim/ZMO"]

1. e4 c5 2. c3 Nf6 3. e5 Nd5 4. d4 cxd4 5. cxd4 Nc6 6. Nf3 d6 7. exd6 Qxd6 8. Nc3 Bg4 9. Be2 e6 10. O-O Be7 11. h3 Bh5 12. Qb3 O-O 13. Nxd5 exd5 14. Bd2 Rfd8 15. Bc3 Rab8 16. Rfe1 b5 17. a3 b4 18. axb4 Nxb4 19. Bxb4 Rxb4 20. Qc3 Bxf3 21. Bxf3 Bf6 22. Red1 Qb6 23. Qc5 Bxd4 24. Qe7 Bxf2+ 25. Kh1 Bc5 26. Qg5 d4 27. Rxa7 h6 28. Qh4 d3 29. Ra6 Rxh4 30. Rxb6 Bxb6 0-1

[Event "32.Schlosspark-Open"]
[Site "Wiesbaden-Biebrich"]
[Date "2023.08.27"]
[Round "7.50"]
[White "Jansen, Malte"]
[Black "Dauster, Ronald"]
[Result "0-1"]
[WhiteElo "1534"]
[BlackElo "1866"]
[PlyCount "64"]
[EventDate "2023.??.??"]
[WhiteTeam "SJ Herborn 1998"]
[BlackTeam "FT Schierstein"]

1. e4 d5 2. exd5 Qxd5 3. Nc3 Qa5 4. d4 Nf6 5. Nf3 Bf5 6. Bc4 c6 7. Bd2 e6 8. Ne2 Qc7 9. Ng3 Bg6 10. Ne5 Nbd7 11. Nxg6 hxg6 12. Qf3 Bd6 13. Bb3 Rh4 14. c3 Bf4 15. O-O-O O-O-O 16. h3 g5 17. Bxf4 Qxf4+ 18. Qxf4 gxf4 19. Ne2 f3 20. gxf3 Rdh8 21. Rdg1 g6 22. Rg3 Nb6 23. Kd2 Nbd5 24. Bxd5 Nxd5 25. f4 Nxf4 26. Nxf4 Rxf4 27. Ke3 Rfh4 28. Rf3 R8h7 29. Rf4 Rxh3+ 30. Rxh3 Rxh3+ 31. Ke4 f5+ 32. Ke5 g5 0-1

[Event "32.Schlosspark-Open"]
[Site "Wiesbaden-Biebrich"]
[Date "2023.08.27"]
[Round "7.51"]
[White "Sreeramulu, Aarush"]
[Black "Gürtler, Karlheinz"]
[Result "0-1"]
[WhiteElo "1561"]
[BlackElo "1865"]
[PlyCount "108"]
[EventDate "2023.??.??"]
[WhiteTeam "SK Marburg 1931/72"]
[BlackTeam "SC Ober-Ramstadt"]

1. d4 d6 2. c4 e5 3. dxe5 dxe5 4. Qxd8+ Kxd8 5. e4 Be6 6. Nc3 Nd7 7. Be3 c6 8. Nf3 f6 9. Be2 Kc7 10. O-O g5 11. h3 h5 12. a3 Nh6 13. Rfd1 g4 14. Bxh6 Bxh6 15. hxg4 hxg4 16. Nh2 Rag8 17. g3 Nc5 18. Rab1 Nb3 19. Bf1 Rh7 20. Be2 Bf8 21. Kg2 Bc5 22. Rh1 a5 23. Rbd1 Nd4 24. Rc1 Nxe2 25. Nxe2 Rgh8 26. f4 gxf3+ 27. Nxf3 Rxh1 28. Rxh1 Rxh1 29. Kxh1 Bxc4 30. Nc3 Bd4 31. Nd2 Be6 32. Kg2 b5 33. Kf3 Bxc3 34. bxc3 c5 35. Ke3 Kb6 36. Kd3 c4+ 37. Kc2 Kc5 38. Nf3 Bg4 39. Nh2 Bh5 40. Kd2 b4 41. axb4+ axb4 42. cxb4+ Kxb4 43. Kc2 Bg6 44. Ng4 Bxe4+ 45. Kc1 f5 46. Nxe5 Kc3 47. Kd1 Kd4 48. Nd7 c3 49. Nf6 Ke3 50. Nh5 Bf3+ 51. Ke1 Bxh5 52. g4 Bxg4 53. Kf1 c2 54. Kg2 c1=Q 0-1

[Event "32.Schlosspark-Open"]
[Site "Wiesbaden-Biebrich"]
[Date "2023.08.27"]
[Round "7.52"]
[White "Marzahn, Heiko"]
[Black "Yozgyur, Ediz"]
[Result "1/2-1/2"]
[WhiteElo "2031"]
[BlackElo "1446"]
[PlyCount "90"]
[EventDate "2023.??.??"]
[WhiteTeam "SF Eltville"]
[BlackTeam "Kreuznacher SV 1921 e.V."]

1. e4 e5 2. Nf3 Nc6 3. Nc3 Nf6 4. Bb5 Bb4 5. O-O d6 6. d4 exd4 7. Nd5 Bc5 8. Bg5 Bd7 9. Re1 O-O 10. Nxf6+ gxf6 11. Bh6 Re8 12. Nh4 Kh8 13. Qh5 Qe7 14. Nf5 Bxf5 15. exf5 Qxe1+ 16. Rxe1 Rxe1+ 17. Bf1 Ne5 18. g3 Rg8 19. Kg2 d5 20. f4 Ng4 21. Bd3 Nxh6 22. Qxh6 Be7 23. Qh5 Rg7 24. Kf2 Re3 25. a4 c5 26. b3 Bd8 27. Qd1 Bb6 28. Kg2 Bc7 29. Kf2 Bb6 30. Kg2 Bc7 31. Kh3 Bxf4 32. Qh1 Bxg3 33. hxg3 Rgxg3+ 34. Kh4 h5 35. Qh2 Rg4+ 36. Kxh5 Reg3 37. Be2 Rg5+ 38. Kh4 Rg2 39. Qb8+ Kg7 40. Bf3 Rxc2 41. Bxd5 d3 42. Qc7 Kh6 43. Qb8 Kg7 44. Qc7 Kh6 45. Qb8 Kg7 1/2-1/2

[Event "32.Schlosspark-Open"]
[Site "Wiesbaden-Biebrich"]
[Date "2023.08.27"]
[Round "7.53"]
[White "Schwarz, Eduard"]
[Black "Alt, Johannes"]
[Result "1/2-1/2"]
[WhiteElo "1951"]
[BlackElo "1522"]
[PlyCount "120"]
[EventDate "2023.??.??"]
[WhiteTeam "SG Turm Idstein"]
[BlackTeam "Sfr.Heidesheim"]

1. Nf3 Nf6 2. d4 g6 3. c4 Bg7 4. Nc3 O-O 5. e4 d6 6. Be2 Nbd7 7. Bg5 h6 8. Be3 e5 9. d5 Ne8 10. Qd2 g5 11. g4 Nc5 12. h3 a5 13. O-O-O b6 14. Rdg1 Nf6 15. Bxc5 bxc5 16. h4 Nh7 17. hxg5 Nxg5 18. Nxg5 Qxg5 19. Qxg5 hxg5 20. Nb5 Ba6 21. Nxc7 Ra7 22. Nb5 Bxb5 23. cxb5 a4 24. Rg3 Rfa8 25. Ra3 f6 26. Rhh3 Bf8 27. Bd1 Be7 28. Rhc3 Bd8 29. Rc4 Kf7 30. Rcxa4 Rxa4 31. Rxa4 Rxa4 32. Bxa4 Ke7 33. Kc2 Kd7 34. Kd3 Ba5 35. Kc4 Kc7 36. a3 Be1 37. f3 Kb6 38. Bc2 Bd2 39. Bd1 Be1 40. Be2 Bd2 41. Kd3 Be1 42. Kc2 Ba5 43. Bc4 Be1 44. Kd1 Ba5 45. Ke2 Kb7 46. a4 Kb6 47. f4 gxf4 48. g5 fxg5 49. Kf3 Kc7 50. Kg4 Kd7 51. Kxg5 Ke7 52. Be2 Bb6 53. Bh5 Ba5 54. Kg4 Kd7 55. Bg6 Ke7 56. Bf5 Kd8 57. Be6 Ke7 58. Kf3 Kd8 59. Bg4 Kc7 60. Ke2 Kb6 1/2-1/2

[Event "32.Schlosspark-Open"]
[Site "Wiesbaden-Biebrich"]
[Date "2023.08.27"]
[Round "7.54"]
[White "Stephanblome, Felix"]
[Black "Kalina, Lena"]
[Result "1/2-1/2"]
[WhiteElo "1718"]
[BlackElo "1750"]
[PlyCount "27"]
[EventDate "2023.??.??"]
[WhiteTeam "SV 1934 Ffm-Griesheim"]
[BlackTeam "SC Landskrone"]

1. e4 c5 2. b3 Nc6 3. Bb2 e6 4. Bb5 Nge7 5. Nf3 a6 6. Bxc6 Nxc6 7. O-O d5 8. exd5 exd5 9. d4 Be7 10. dxc5 O-O 11. Qd2 Be6 12. Rd1 Rc8 13. b4 b6 14. cxb6 1/2-1/2

[Event "32.Schlosspark-Open"]
[Site "Wiesbaden-Biebrich"]
[Date "2023.08.27"]
[Round "7.55"]
[White "Tiggemann, Felix"]
[Black "Hipler, Andreas"]
[Result "1/2-1/2"]
[WhiteElo "1606"]
[BlackElo "1770"]
[PlyCount "118"]
[EventDate "2023.??.??"]
[WhiteTeam "SF Schöneck"]
[BlackTeam "SK Gau-Algesheim"]

1. e4 c6 2. d4 d5 3. Nd2 dxe4 4. Nxe4 Nd7 5. Nf3 Ngf6 6. Ng3 g6 7. Bc4 Bg7 8. h4 Nb6 9. Bb3 h5 10. Ng5 O-O 11. c3 Bg4 12. f3 Qc7 13. Ne2 Bf5 14. Bf4 Qc8 15. Qd2 Nbd5 16. Be5 Nd7 17. Bxg7 Kxg7 18. Ng3 N7b6 19. Nxf5+ Qxf5 20. O-O-O Qf4 21. Qxf4 Nxf4 22. Rd2 Nfd5 23. Re1 e6 24. g3 Nf6 25. Rde2 Rfe8 26. Kd2 Nbd5 27. Kc1 Nc7 28. a4 Rad8 29. Ba2 Rd6 30. b4 b6 31. Bc4 Red8 32. Ne4 R6d7 33. Kc2 Rc8 34. Rd2 Ncd5 35. Nxf6 Kxf6 36. Bxd5 cxd5 37. Rde2 Rdc7 38. Re3 Rc4 39. Kb3 a6 40. R1e2 Rg8 41. Re5 Rcc8 42. f4 Rc4 43. Re1 Rgc8 44. R1e3 R8c6 45. Rd3 Rd6 46. Rd2 Ke7 47. Rg5 Kf8 48. Re2 Rdc6 49. Re3 Kg7 50. Rge5 Rd6 51. Re1 Kf8 52. R1e2 Rcc6 53. Re1 b5 54. a5 f6 55. R5e3 Kf7 56. Rf1 Rd8 57. Kc2 Rg8 58. Kd3 Rgc8 59. Kd2 f5 1/2-1/2

[Event "32.Schlosspark-Open"]
[Site "Wiesbaden-Biebrich"]
[Date "2023.08.27"]
[Round "7.56"]
[White "John, Volkmar"]
[Black "Fröhlich-Dill, Astrid"]
[Result "1/2-1/2"]
[WhiteElo "1641"]
[BlackElo "1775"]
[PlyCount "51"]
[EventDate "2023.??.??"]
[WhiteTeam "SK Herborn 1946"]
[BlackTeam "SV 1920 Hofheim"]

1. c4 c5 2. g3 Nc6 3. Bg2 Nf6 4. Nc3 e6 5. Nf3 Be7 6. O-O O-O 7. d4 cxd4 8. Nxd4 a6 9. b3 Qc7 10. Bb2 Rd8 11. e4 Bc5 12. Nc2 Rb8 13. Qe2 Ne5 14. h3 d6 15. Rad1 Bd7 16. Rd2 b5 17. Ne3 Bxe3 18. Qxe3 bxc4 19. f4 Ng6 20. bxc4 Qxc4 21. Ba3 Nf8 22. Bxd6 Rbc8 23. Rc1 Bb5 24. Bf1 Qc6 25. Bxb5 axb5 26. Bb4 1/2-1/2